000 00395nam a2200145Ia 4500
008 230917s9999||||xx |||||||||||||| ||und||
040 _e105531
_aMAIN
041 _aEnglish
082 _a301.4442 R141L
100 _aRamaswamy, E A
245 2 _aA question of balance: labour, management and society
260 _aDelhi
_bOxford University Press
_c1997
300 _aiv, 267p p.
942 _cBK
999 _c110035
_d110035